Studies on fertility status of rubber growing soils of Palakkad district (Record no. 52693)

MARC details
000 -LEADER
fixed length control field 00443nam a2200121Ia 4500
100 ## - MAIN ENTRY--AUTHOR NAME
Personal name Mohanan V.
245 #0 - TITLE STATEMENT
Title Studies on fertility status of rubber growing soils of Palakkad district
260 ## - PUBLICATION, DISTRIBUTION, ETC. (IMPRINT)
Name of publisher Dissertation, PG Diploma in Natural Rubber Production, Kerala Agricultural University, Trichur, India, 16 p.
Year of publication 1991
650 ## - SUBJECT ADDED ENTRY--TOPICAL TERM
Topical Term Fertility status
650 ## - SUBJECT ADDED ENTRY--TOPICAL TERM
Topical Term Rubber growing soil
942 ## - ADDED ENTRY ELEMENTS (KOHA)
Koha item type Bibliography STAF
Holdings
Withdrawn status Lost status Damaged status Not for loan Home library Current library Date acquired Koha item type
      Bibliography RRII Library RRII Library 09/04/2014 Bibliography STAF